000 00244nam a2200097Ia 4500
001 889732
005 20250826182918.0
008 250824s9999 xx 000 0 und d
245 0 _aMRS. DALLOWAY
_cVIRGINIA WOOLF
260 _bKIRMIZI KEDİ YAYINLARI
999 _c889732
_d889732